| 000 | 04936nam a22005177a 4500 | ||
|---|---|---|---|
| 005 | 20101112143612.0 | ||
| 010 | _aB-410564-586 | ||
| 020 |
_a9788183822183 _c150.00 |
||
| 035 | _aB-410564-586 | ||
| 037 | _bLotus Press | ||
| 082 | _a618.24 | ||
| 100 |
_aBatta, Narinder _924263 |
||
| 245 |
_aA guide to your pregnancy / _cby Narinder Batta [and] Sumita Paul |
||
| 260 |
_aNew Delhi _bLotus Press _c2010 |
||
| 270 |
_a4262/3, Ansari road, Darya Ganj _bNew Delhi _e110002 |
||
| 300 |
_a108p _c22 cm.(pbk) |
||
| 500 | _a | ||
| 650 |
_aPregnancy _924264 |
||
| 700 |
_aPaul, Sumita _923849 |
||
| 856 | _uhttp://www.loc.gov/catdir/toc/ecip0721/2007025342.html | ||
| 942 |
_2ddc _cEN _mBAT _h618.24 |
||
| 999 |
_c35550 _d35550 |
||